| 000 | 00456ntaaa2200169 4500 | ||
|---|---|---|---|
| 003 | 01 | ||
| 005 | 20251027201606.0 | ||
| 008 | 0714s1973 ag 01 | ||
| 040 |
_aAR-BaBN _bspa _cAR-BaBN _eaacr _dRIC |
||
| 082 | _a230.0000 Sm5 | ||
| 100 |
_aSmith, Earl M. _9684 |
||
| 245 | _aEsencia de Cristianismo; bosquejo de la religión cristiana según en evangélico. | ||
| 250 |
_a1 ed. : _bAurora, _cc/938 |
||
| 300 | _a109 p. | ||
| 650 | _aTeología | ||
| 942 | _cBK | ||
| 999 |
_c10500 _d10500 |
||